000 01246cam a2200265 4500
001 ABS68273
008 040907n2004 000 0 eng u
035 _a(Sirsi) u127285
100 _aSteven, A.
245 _aLand tenure reform
260 _c2004
490 _aScottish Planning and Environmental Law
_v(104) August 2004, 87-90(4)
520 _aThe feudal system in Scotland will be abolished on 28 November 2004 when the Abolition of Feudal Tenure Etc (Scotland) Act 2000 and the Title Conditions (Scotland) Act 2003 come into force. Explains the background to the changes and outlines the key provisions of the two Acts. Raises the questions of the preservation of feudal burdens and compensation under the 2000 Act. Title conditions and the creation, content, enforcement and extinguishment are considered under the 2003 Act. References. (See also Abs65376, Abs67960 and Abs67376).
590 _aABS
590 _aABS
650 _aSCOTLAND
650 _aABOLITION OF FEUDAL TENURE ETC (SCOTLAND) ACT 2000
650 _aTITLE CONDITIONS (SCOTLAND) ACT 2003
650 _aFEUDAL SYSTEM
650 _aREAL BURDENS
650 _aTENURE
650 _aPROPERTY OWNERSHIP
690 _aPROPERTY AND LAND LAW
942 _n0
999 _c117966
_d117966